|
|
|
|
| LEADER |
01031cam a2200265 a 4500 |
| 008 |
040804s2003 ii b b 000 0 eng |
| 010 |
|
|
|a 2004329545
|
| 025 |
|
|
|a I-E-2004-329545; 56-24
|
| 035 |
|
|
|a (DLC) 2004329545
|
| 042 |
|
|
|a lcode
|
| 043 |
|
|
|a a-ii---
|
| 082 |
0 |
0 |
|a 945.83
|2 22
|
| 100 |
1 |
|
|a Sreedhara Menon, A.
|
| 245 |
1 |
2 |
|a A survey of Kerala history /
|c A. Sreedhara Menon.
|
| 250 |
|
|
|a Rev. ed.
|
| 260 |
|
|
|a Chennai :
|b S. Viswanathan :
|b Copies can be had from, Ananda Book Depot,
|c 2003.
|
| 300 |
|
|
|a 474 p. :
|b maps (one folded) ;
|c 22 cm.
|
| 504 |
|
|
|a Includes bibliographical references (p. [459]-474).
|
| 650 |
|
|
|a Social conditions
|v Economic history
|z Kerala
|z India
|
| 942 |
|
|
|c BK
|
| 651 |
|
0 |
|a Kerala (India)
|x History.
|
| 906 |
|
|
|a 7
|b cbc
|c origode
|d 3
|e ncip
|f 20
|g y-gencatlg
|
| 955 |
|
|
|a wd34 2004-08-11 to RCCD
|a aa23 2005-05-03
|
| 999 |
|
|
|c 287042
|d 287042
|
| 952 |
|
|
|0 0
|1 0
|4 0
|6 945_830000000000000_SRE_S
|7 0
|9 325844
|a FLK
|b FLK
|c ST1
|d 2016-12-17
|e BK
|g 125.00
|i 1834
|l 0
|o 945.83 SRE/S
|p FLK1834
|r 2016-12-17
|w 2016-12-17
|y BK
|